000 00625nam a2200205Ii 4500
003 JO-AjNU
008 230605s9999||||xx |||||||||||||| ||und||
040 _aJO-AjNU
_bara
_erda
_cJO-AjNU
041 _aara
050 1 4 _aBP161.2.S3 1981
100 3 _aعلي، سيد أمير ، ترجمة: عمر الديراوي,
_eauthor
_98386
245 0 0 _aروح الإسلام
250 _aط7
264 3 1 _aبيروت: دار العلم للملايين،1981
300 _a448ص
336 _atext
_btxt
_2rdacontent
337 _aunmediated
_bn
_2rdamedia
338 _avolume
_bnc
_2rdacarrier
650 4 _aالاسلام
_98387
999 _aA761
_c4329
_d4329